Riconosci lo Stato - Quiz n°69 - Statistics

Statistiche generali
  • Questo quiz è stato fatto 34 volte
  • Il punteggio medio è 10 su 13
Statistiche sulle risposte
Indizio Risposta % Corretto
Fuso Orario UTC+0
93%
Valuta Franco CFA
90%
Indipendenza 22 settembre 1960 dalla Francia
86%
Presidente della Repubblica Assimi Goïta (ad interim)
83%
Iniziale della Capitale B
83%
Primo ministro Choguel Kokalla Maïga
83%
Popolazione 21 359 722 ab.
79%
ISU 0,428
76%
PIL (nominale) 10 319 milioni di $
76%
Superficie 1 241 238 km²
76%
Forma di Governo Repubblica semipresidenziale sotto giunta militare
76%
Tasso di crescita 2,95%
72%
Risposta Mali
69%
Nessun quiz corrispondente trovato
Distribuzione punteggi
Percentuale di utenti per punteggio
Percentile per numero di risposta
I tuoi punteggi nel tempo
Non hai fatto questo quiz